Word Ladder: Mystery Theme IV Quiz Stats

Quiz Updated Mar 15, 2012

Challenge
Share
Tweet
Embed
Score 0/30 Timer 03:00
2 Plays Today
Clue Word % Correct
● To display ●● SHOW ●
96.6%
● Take part in a game ●● PLAY ●
96%
To cut with an axeCHOP
95.4%
A place to buy itemsSHOP
95.2%
Having a low speedSLOW
95.1%
A chicken cageCOOP
94.4%
Prepare foodCOOK
93.3%
A farming implement for digging up earthPLOW
91.1%
IdenticalSAME
87.9%
A cunning planPLOY
87.2%
● One out of two equal parts ●● HALF ●
86%
● TV's 'The Facts of ___' ●● LIFE ●
85.9%
The fleshy part of the leg below the kneeCALF
84.5%
The woman of a marriageWIFE
83%
A shout to someone to get their attentionCALL
79.9%
Clue Word % Correct
● The queen of spades is one ●● CARD ●
79.4%
A hospital roomWARD
72%
One of Homer Simpson's coworkersCARL
71.9%
A metallic threadWIRE
70.8%
● An unspecified amount ●● SOME ●
69.4%
MerchandiseWARE
65.8%
● A 1-dimensional shape ●● LINE ●
64.2%
Exchange of an object for moneySALE
63.2%
Hit someone on the headCONK
61.9%
Strong and healthyHALE
61.3%
A prong or sharp pointTINE
46.1%
A unit of subjective loudnessSONE
29%
Booby prize on 'Let's Make a Deal'ZONK
28.5%
● A region that has a particular purpose ●● ZONE ●
27.9%
COMMON BOND TO ● WORDS⌚ TIME ⌚
22.5%

Today's Daily Dose

Missing Word
Fruity Song Titles

Quick Pick
Double Blanks

On This Day
June 22nd II

You're not logged in!

Compare scores with friends on all Sporcle quizzes.
Join for Free
OR
Log In

You Might Also Like...

Show Comments

Extras

Top Quizzes Today


Score Distribution

Your Account Isn't Verified!

In order to create a playlist on Sporcle, you need to verify the email address you used during registration. Go to your Sporcle Settings to finish the process.

Report this User

Report this user for behavior that violates our Community Guidelines.

Details: